000 00468nam a22001937a 4500
003 MPLRDC
005 20220104113947.0
008 210129b ||||| |||| 00| 0 eng d
020 _a957-630-057-6
082 _a848.2 XYL-5
100 _a徐薏蓝著
245 _a珍惜一世情缘
_c
250 _a初版
260 _a
_b跃升文化事业有限公司
_c1990
300 _b
490 _a文学志;55
650 _a现代别集
942 _cBK
_o848.2 XYL-5
999 _c3714
_d3704